[Event "Azores op 4th"]
[Site "Ponta Delgada"]
[Date "2017.12.09"]
[Round "5"]
[White "Dias, Marcos Afonso"]
[Black "Antao, Jorge"]
[Result "0-1"]
[WhiteElo "1498"]
[BlackElo "1866"]
[PlyCount "106"]
[EventDate "2017.12.07"]
[EventType "swiss"]
[EventRounds "7"]
[EventCountry "POR"]
[SourceTitle "CBM 182 Extra"]
[Source "ChessBase"]
[SourceDate "2018.02.23"]
[SourceVersion "1"]
[SourceVersionDate "2018.02.23"]
[SourceQuality "1"]

1. e4 e6 2. d4 d5 3. Nc3 dxe4 4. Nxe4 Nd7 5. Nf3 Ngf6 6. Bd3 Nxe4 7. Bxe4 Nf6 8. Bg5 Be7 9. Qd3 Nxe4 10. Bxe7 Nxf2 11. 0-0 Nxd3 12. Bxd8 Kxd8 13. cxd3 f6 14. Rac1 c6 15. Nd2 Ke7 16. Ne4 Rd8 17. Rc4 Rd5 18. Re1 Bd7 19. Nc3 Rh5 20. Rc5 Rxc5 21. dxc5 f5 22. d4 Kf6 23. Kf2 Re8 24. Re5 Rd8 25. Ne2 Bc8 26. Ke3 Rd5 27. Rxd5 exd5 28. h4 h6 29. Nf4 g5 30. Nd3 f4+ 31. Kf3 Bf5 32. Nf2 Kg6 33. b4 Kh5 34. hxg5 hxg5 35. g4+ fxg3 36. Kxg3 Kg6 37. a4 Bc2 38. a5 a6 39. Kg4 Kf6 40. Nh1 Bd1+ 41. Kg3 Kf5 42. Nf2 Be2 43. Nh3 Ke4 44. Nxg5+ Kxd4 45. Ne6+ Kc4 46. Nd8 Kxb4 47. Nxb7 d4 48. Kf2 Bc4 49. Ke1 Kc3 50. Nd6 Bd5 51. Kd1 d3 52. Nf5 Bf3+ 53. Ke1 d2+ 0-1

[Event "Gaia Profigaia op 17th"]
[Site "Vila Nova de Gaia"]
[Date "2017.06.16"]
[Round "4"]
[White "Guimaraes, Rui"]
[Black "Antao, Jorge"]
[Result "1-0"]
[WhiteElo "2141"]
[BlackElo "1873"]
[PlyCount "43"]
[EventDate "2017.06.14"]
[EventType "swiss"]
[EventRounds "7"]
[EventCountry "POR"]
[SourceTitle "CBM 179 Extra"]
[Source "ChessBase"]
[SourceDate "2017.08.23"]
[SourceVersion "1"]
[SourceVersionDate "2017.08.23"]
[SourceQuality "1"]

1. f4 Nf6 2. Nf3 g6 3. d3 Bg7 4. e4 d6 5. Be2 0-0 6. 0-0 c5 7. Qe1 Nc6 8. c3 Bg4 9. Qh4 Rb8 10. f5 b5 11. Bh6 Bxf3 12. Rxf3 b4 13. Rh3 Ne5 14. g4 Qb6 15. c4 d5 16. exd5 Ned7 17. Nd2 Rfe8 18. Bxg7 Kxg7 19. Qh6+ Kg8 20. g5 Nf8 21. gxf6 exf6 22. Ne4 1-0

[Event "Gaia Profigaia op 17th"]
[Site "Vila Nova de Gaia"]
[Date "2017.06.15"]
[Round "2"]
[White "Antao, Jorge"]
[Black "Coimbra, Joao Marcial Ferrei"]
[Result "1-0"]
[WhiteElo "1873"]
[BlackElo "1402"]
[PlyCount "87"]
[EventDate "2017.06.14"]
[EventType "swiss"]
[EventRounds "7"]
[EventCountry "POR"]
[SourceTitle "CBM 179 Extra"]
[Source "ChessBase"]
[SourceDate "2017.08.23"]
[SourceVersion "1"]
[SourceVersionDate "2017.08.23"]
[SourceQuality "1"]

1. Nf3 c6 2. b3 d6 3. Bb2 h6 4. d3 Bg4 5. e4 Nd7 6. h3 Bxf3 7. Qxf3 e5 8. Nc3 Qf6 9. Qe2 Ne7 10. 0-0-0 Ng6 11. g3 Be7 12. f4 exf4 13. Nd5 Qg5 14. Nc7+ Kf8 15. Nxa8 fxg3+ 16. Rd2 Qa5 17. Kb1 Bg5 18. Rd1 h5 19. Qe1 Qxe1 20. Rxe1 h4 21. Bc1 Be7 22. Bg2 Bf6 23. Ref1 Bd4 24. Rf5 Nge5 25. Nc7 Rh7 26. Ne6+ Ke7 27. Nxd4 f6 28. Rf4 g6 29. Ne2 c5 30. Nc3 g5 31. Rf5 a6 32. Rhf1 b5 33. Nd5+ Kd8 34. Nxf6 Nxf6 35. Bxg5 Kc7 36. Bxf6 Kc6 37. Bxe5 c4 38. Bd4 cxb3 39. cxb3 b4 40. e5+ d5 41. Rf6+ Kb5 42. Bxd5 Rd7 43. Bc4+ Ka5 44. Rxa6# 1-0

[Event "POR-ch Seniors 65+ rapid"]
[Site "Luso"]
[Date "2017.04.08"]
[Round "6"]
[White "Antao, Jorge"]
[Black "Santos, Julio Fernandes"]
[Result "0-1"]
[WhiteElo "1786"]
[BlackElo "1792"]
[PlyCount "68"]
[EventDate "2017.04.08"]
[EventType "swiss (rapid)"]
[EventRounds "6"]
[EventCountry "POR"]
[SourceTitle "EXT 2018"]
[Source "ChessBase"]
[SourceDate "2017.10.13"]
[SourceVersion "1"]
[SourceVersionDate "2017.10.13"]
[SourceQuality "1"]

1. f4 d5 2. b3 Nf6 3. e3 g6 4. Bb2 Bg7 5. Nf3 Bg4 6. h3 Bxf3 7. Qxf3 c6 8. Be2 e6 9. 0-0 0-0 10. g4 Nbd7 11. g5 Nh5 12. Bxg7 Nxg7 13. d3 Nf5 14. Nd2 Kg7 15. Kf2 Rh8 16. Rh1 h6 17. h4 Qa5 18. Rad1 Qc3 19. h5 Qxc2 20. Nf1 Rag8 21. Ng3 Kf8 22. Nxf5 gxf5 23. Rdg1 Qc3 24. d4 Qc2 25. g6 Nf6 26. Qh3 Ng4+ 27. Rxg4 fxg4 28. Qh4 Ke8 29. Qf6 fxg6 30. Qxe6+ Kd8 31. Rh4 gxh5 32. f5 Kc7 33. Rxh5 g3+ 34. Ke1 Qd1+ 0-1

[Event "POR-ch Seniors 65+"]
[Site "Luso"]
[Date "2016.07.23"]
[Round "4"]
[White "Antao, Jorge"]
[Black "Bray, Jose Manuel"]
[Result "1-0"]
[WhiteElo "1823"]
[BlackElo "1843"]
[PlyCount "85"]
[EventDate "2016.07.21"]
[EventType "swiss"]
[EventRounds "5"]
[EventCountry "POR"]
[SourceTitle "EXT 2018"]
[Source "ChessBase"]
[SourceDate "2017.10.13"]
[SourceVersion "1"]
[SourceVersionDate "2017.10.13"]
[SourceQuality "1"]

1. e4 d6 2. Nc3 Nf6 3. d4 g6 4. Be3 Bg7 5. Qd2 0-0 6. Bh6 c6 7. h4 Qa5 8. Bxg7 Kxg7 9. f3 b5 10. h5 b4 11. hxg6 fxg6 12. e5 Nh5 13. Rxh5 gxh5 14. Ne4 h6 15. Ng3 h4 16. Nh5+ Kg6 17. g4 hxg3 18. Nxg3 Rg8 19. Bd3+ Kf7 20. N1e2 Rg5 21. exd6 exd6 22. Ne4 Ke7 23. Nxg5 hxg5 24. a3 Ba6 25. Kf2 Bxd3 26. Qxd3 Qd5 27. Rh1 bxa3 28. bxa3 Nd7 29. Ng3 Nf6 30. Nf5+ Kd7 31. Ne3 Qe6 32. Rb1 Ke7 33. Nf5+ Kd7 34. Re1 Qd5 35. Qa6 Kd8 36. Qb7 Qxf5 37. Qxa8+ Qc8 38. Qxa7 Nd5 39. Rh1 Nc7 40. Rh8+ Ne8 41. Qf7 Qd7 42. Qxe8+ Qxe8 43. Rxe8+ 1-0

[Event "Matosinhos Honra"]
[Site "Matosinhos"]
[Date "2015.06.10"]
[Round "6"]
[White "Pinto, Artur Daniel Moreir"]
[Black "Antao, Jorge"]
[Result "1/2-1/2"]
[WhiteElo "1573"]
[BlackElo "1835"]
[PlyCount "90"]
[EventDate "2015.06.07"]
[EventType "tourn"]
[EventRounds "9"]
[EventCountry "POR"]
[SourceTitle "EXT 2018"]
[Source "ChessBase"]
[SourceDate "2017.10.13"]
[SourceVersion "1"]
[SourceVersionDate "2017.10.13"]
[SourceQuality "1"]

1. c4 e5 2. g3 Nf6 3. Bg2 Bc5 4. e3 Nc6 5. a3 a5 6. Nc3 0-0 7. Nge2 Re8 8. 0-0 d6 9. d4 exd4 10. exd4 Ba7 11. b4 Bg4 12. Be3 Nxd4 13. Bxd4 Bxd4 14. Qxd4 Bxe2 15. Nxe2 Rxe2 16. Bxb7 Rb8 17. Bf3 Re5 18. b5 Nd7 19. Rfe1 Qe7 20. Re3 Rxe3 21. Qxe3 Qxe3 22. fxe3 Re8 23. Bc6 Re7 24. Bxd7 Rxd7 25. Rd1 Kf8 26. c5 Ke7 27. c6 Rd8 28. Rd5 Re8 29. Kf2 Kd8 30. Kf3 Re6 31. Kf4 Ke7 32. a4 g6 33. e4 f6 34. h4 h5 35. Kf3 Kd8 36. Kf4 Kc8 37. Kf3 Kb8 38. Kf4 Ka8 39. Kf3 Ka7 40. Kf4 Kb6 41. Kf3 Re8 42. Kf4 Rg8 43. g4 hxg4 44. Kxg4 Re8 45. Kf3 Re5 1/2-1/2

[Event "Coimbra Queima das Fitas op"]
[Site "Coimbra"]
[Date "2015.05.01"]
[Round "2"]
[White "Antao, Jorge"]
[Black "Lebon, Joffrey"]
[Result "1/2-1/2"]
[WhiteElo "1829"]
[BlackElo "2014"]
[PlyCount "86"]
[EventDate "2015.04.30"]
[EventType "swiss"]
[EventRounds "7"]
[EventCountry "POR"]
[SourceTitle "EXT 2018"]
[Source "ChessBase"]
[SourceDate "2017.10.13"]
[SourceVersion "1"]
[SourceVersionDate "2017.10.13"]
[SourceQuality "1"]

1. e4 e5 2. Nf3 Nc6 3. Bb5 a6 4. Ba4 Nf6 5. d3 d6 6. c3 Be7 7. Nbd2 0-0 8. Nf1 b5 9. Bb3 Na5 10. Bc2 c5 11. Bg5 h6 12. Bh4 Ng4 13. Bxe7 Qxe7 14. h3 Nf6 15. Ne3 Re8 16. g4 d5 17. exd5 Bb7 18. Nf5 Qf8 19. d6 e4 20. Ne7+ Kh8 21. dxe4 Nxe4 22. Bxe4 Bxe4 23. Qe2 Nc4 24. 0-0-0 Nxd6 25. Rxd6 Qxe7 26. Rhd1 Qc7 27. Qe3 Bh7 28. Qd2 c4 29. Ne1 Qa5 30. a3 Qa4 31. Nc2 a5 32. Rd4 Qb3 33. f4 Bd3 34. Rxd3 cxd3 35. Qxd3 Qc4 36. Ne3 Qc7 37. Nd5 Qc4 38. g5 hxg5 39. Qf5 f6 40. Qg6 Red8 41. Qh5+ Kg8 42. Nxf6+ gxf6 43. Qg6+ Kh8 1/2-1/2

[Event "Coimbra Queima das Fitas op"]
[Site "Coimbra"]
[Date "2015.05.01"]
[Round "3"]
[White "Goncalves, Lucas Jordao"]
[Black "Antao, Jorge"]
[Result "0-1"]
[WhiteElo "1214"]
[BlackElo "1829"]
[PlyCount "106"]
[EventDate "2015.04.30"]
[EventType "swiss"]
[EventRounds "7"]
[EventCountry "POR"]
[SourceTitle "EXT 2018"]
[Source "ChessBase"]
[SourceDate "2017.10.13"]
[SourceVersion "1"]
[SourceVersionDate "2017.10.13"]
[SourceQuality "1"]

1. e4 b6 2. Nf3 e6 3. c3 Bb7 4. d3 Ne7 5. Be3 d5 6. Nbd2 g6 7. Qc2 Bg7 8. g3 0-0 9. Bg2 c5 10. Nb3 Nbc6 11. Rd1 Rc8 12. 0-0 d4 13. cxd4 cxd4 14. Bd2 Ba6 15. Qb1 e5 16. Bh3 Rc7 17. Rc1 f5 18. exf5 e4 19. dxe4 Bxf1 20. Rxf1 h6 21. Bg2 gxf5 22. exf5 Nxf5 23. Bh3 Qd5 24. Ne1 a5 25. Ng2 Nce7 26. Nf4 Qd6 27. Qe4 Rf6 28. Bxf5 Rxf5 29. Nxd4 Re5 30. Qd3 Rd7 31. Bc3 Nf5 32. Nxf5 Qxd3 33. Nxd3 Rxf5 34. Bxg7 Kxg7 35. Nf4 Rd2 36. Rb1 Rb5 37. Ne6+ Kf6 38. Nc7 Rbxb2 39. Rc1 Rdc2 40. Nd5+ Ke5 41. Rd1 Rd2 42. Rxd2 Rxd2 43. Nxb6 Rxa2 44. Kg2 Kd4 45. Kf3 Rb2 46. Nd7 Rb7 47. Nf6 Rf7 48. Kg4 Rxf6 49. f4 a4 50. h4 a3 51. Kh5 a2 52. g4 a1Q 53. g5 Qd1# 0-1

[Event "POR-ch prel"]
[Site "Lisbon"]
[Date "2015.03.11"]
[Round "5"]
[White "Antao, Jorge"]
[Black "Nanques, Helder Manuel Perei"]
[Result "1-0"]
[WhiteElo "1829"]
[BlackElo "1931"]
[PlyCount "105"]
[EventDate "2015.03.08"]
[EventType "swiss"]
[EventRounds "9"]
[EventCountry "POR"]
[SourceTitle "EXT 2018"]
[Source "ChessBase"]
[SourceDate "2017.10.13"]
[SourceVersion "1"]
[SourceVersionDate "2017.10.13"]
[SourceQuality "1"]

1. e4 e6 2. d4 d5 3. exd5 exd5 4. Qf3 Nc6 5. c3 Nf6 6. h3 h6 7. Bd3 Be6 8. Ne2 Qd7 9. 0-0 Be7 10. Re1 0-0-0 11. Ng3 Rdg8 12. b4 Bd8 13. a4 Ne7 14. b5 Ne8 15. Ba3 Nd6 16. Bxd6 Qxd6 17. Nd2 g5 18. Nf5 Qd7 19. g4 Ng6 20. Nb3 Nf4 21. Nc5 Qe8 22. c4 Qf8 23. cxd5 Nxd3 24. Nxd3 Bxf5 25. Qxf5+ Kb8 26. Nc5 Qd6 27. a5 Qf4 28. Qxf4 gxf4 29. Re4 Bg5 30. Rae1 Rd8 31. h4 Bxh4 32. Rxf4 Rxd5 33. Re5 Rdd8 34. d5 f6 35. Ref5 b6 36. Ne6 Rd7 37. a6 Kc8 38. Nd4 Re7 39. Nc6 Re1+ 40. Kg2 Bg5 41. Rc4 Rhe8 42. d6 cxd6 43. Nxa7+ Kd7 44. Nc6 R1e4 45. Nb8+ Kd8 46. a7 Rxc4 47. a8Q Rxg4+ 48. Kf3 Rc4 49. Nc6+ Kd7 50. Nb8+ Ke7 51. Qb7+ Kf8 52. Nd7+ Kg8 53. Qd5+ 1-0

[Event "Gaia Profigaia op 7th"]
[Site "Vila Nova de Gaia"]
[Date "2014.07.03"]
[Round "7"]
[White "Antao, Jorge"]
[Black "Branco, Joao Carlos Fernand"]
[Result "1-0"]
[WhiteElo "1843"]
[BlackElo "1518"]
[PlyCount "61"]
[EventDate "2014.06.28"]
[EventType "swiss"]
[EventRounds "9"]
[EventCountry "POR"]
[SourceTitle "CBM 161 Extra"]
[Source "ChessBase"]
[SourceDate "2014.08.29"]
[SourceVersion "1"]
[SourceVersionDate "2014.08.29"]
[SourceQuality "1"]

1. e4 e5 2. Bc4 Nc6 3. d3 Nf6 4. c3 Be7 5. f4 d6 6. Nf3 Bd7 7. Bb3 Qb8 8. 0-0 Na5 9. Bc2 c5 10. h3 Nc6 11. fxe5 dxe5 12. Bg5 0-0 13. Nbd2 Qc7 14. Nc4 Rfd8 15. Ne3 Be6 16. Nh4 c4 17. Nef5 Nxe4 18. Bxe7 Nxe7 19. d4 Nxf5 20. Nxf5 Nf6 21. Qf3 exd4 22. Nxg7 Kxg7 23. Qxf6+ Kg8 24. cxd4 Qg3 25. Rf4 Qg7 26. Qh4 Rd5 27. Rd1 Rg5 28. Bxh7+ Kf8 29. Be4 Bd5 30. Bxd5 Rxd5 31. Rg4 1-0

[Event "Coimbra op"]
[Site "Coimbra"]
[Date "2014.04.26"]
[Round "5"]
[White "Antao, Jorge"]
[Black "Fernandes, Joao Pedro Murtinho"]
[Result "1-0"]
[WhiteElo "1857"]
[BlackElo "1540"]
[PlyCount "89"]
[EventDate "2014.04.25"]
[EventType "swiss"]
[EventRounds "7"]
[EventCountry "POR"]
[SourceTitle "CBM 160 Extra"]
[Source "ChessBase"]
[SourceDate "2014.07.01"]
[SourceVersion "1"]
[SourceVersionDate "2014.07.01"]
[SourceQuality "1"]

1. d4 Nf6 2. Nf3 e6 3. Bg5 d5 4. Nbd2 Nbd7 5. e4 dxe4 6. Nxe4 h6 7. Bh4 Be7 8. Ned2 Nd5 9. Bg3 b6 10. Bb5 0-0 11. Nc4 a6 12. Bc6 Rb8 13. Nce5 Bb4+ 14. Kf1 Nxe5 15. Nxe5 Bb7 16. Bxb7 Rxb7 17. Nc6 Qd7 18. Nxb4 Nxb4 19. Kg1 Nc6 20. c3 Rd8 21. f4 Ne7 22. Qf3 Qd5 23. Kf2 Qxf3+ 24. Kxf3 Nf5 25. Bf2 Rd7 26. g4 Nd6 27. Rad1 f5 28. gxf5 exf5 29. Rhg1 Ne4 30. d5 Rb8 31. Bd4 Kh7 32. Be5 Rbd8 33. Rg2 g6 34. c4 c6 35. d6 c5 36. Re2 Kg8 37. Rxe4 fxe4+ 38. Kxe4 Kf7 39. Kd5 Rc8 40. h4 h5 41. Rf1 Rb7 42. f5 Rd7 43. Rg1 a5 44. Rxg6 Rb7 45. Rg7+ 1-0

[Event "EU-ch Seniors 65 14th"]
[Site "Porto"]
[Date "2014.03.17"]
[Round "9"]
[White "Perez Cameselle, Francisco Jose"]
[Black "Antao, Jorge"]
[Result "1-0"]
[WhiteElo "1909"]
[BlackElo "1873"]
[PlyCount "103"]
[EventDate "2014.03.09"]
[EventType "swiss"]
[EventRounds "9"]
[EventCountry "POR"]
[SourceTitle "CBM 159 Extra"]
[Source "ChessBase"]
[SourceDate "2014.04.24"]
[SourceVersion "1"]
[SourceVersionDate "2014.04.24"]
[SourceQuality "1"]

1. Nf3 d5 2. g3 Nf6 3. Bg2 Nbd7 4. 0-0 e5 5. d3 Bd6 6. Nc3 c6 7. e4 0-0 8. exd5 cxd5 9. Nh4 Nb6 10. Bg5 Be7 11. a4 d4 12. a5 Nbd7 13. Ne2 h6 14. Bd2 Nh7 15. Nf5 Ndf6 16. Nxe7+ Qxe7 17. a6 Rd8 18. Re1 Rb8 19. axb7 Bxb7 20. Rxa7 Nd5 21. Qa1 Ra8 22. Rxa8 Rxa8 23. Qb1 Qc7 24. c3 dxc3 25. Nxc3 Nxc3 26. Bxc3 Bxg2 27. Kxg2 Qc6+ 28. f3 f6 29. Qd1 Kh8 30. Qe2 Ra2 31. Rc1 Ng5 32. h4 Ne6 33. Qe4 Qb6 34. Qc4 Ra7 35. Qd5 Rc7 36. Ra1 Rc8 37. Ra8 Rxa8 38. Qxa8+ Kh7 39. Qe4+ Kh8 40. Qa8+ Kh7 41. Qe4+ Kh8 42. b4 Qa6 43. Qc4 Qb6 44. Qe4 Qa6 45. Qd5 Qb6 46. Be1 Nc7 47. Qd8+ Kh7 48. Bf2 Qc6 49. Qc8 Qc3 50. Qf5+ Kh8 51. Qe4 Qb3 52. Qc4 1-0

[Event "EU-ch Seniors 65 14th"]
[Site "Porto"]
[Date "2014.03.13"]
[Round "5"]
[White "Tveten, Per"]
[Black "Antao, Jorge"]
[Result "0-1"]
[WhiteElo "1584"]
[BlackElo "1873"]
[PlyCount "100"]
[EventDate "2014.03.09"]
[EventType "swiss"]
[EventRounds "9"]
[EventCountry "POR"]
[SourceTitle "CBM 159 Extra"]
[Source "ChessBase"]
[SourceDate "2014.04.24"]
[SourceVersion "1"]
[SourceVersionDate "2014.04.24"]
[SourceQuality "1"]

1. e4 d5 2. exd5 Nf6 3. Nc3 Nxd5 4. Nxd5 Qxd5 5. Nf3 Bg4 6. Be2 Nc6 7. 0-0 e6 8. d4 Be7 9. c3 0-0 10. Bf4 Bd6 11. Bg3 Bxg3 12. fxg3 a6 13. h3 Bh5 14. Nh4 Bxe2 15. Qxe2 b5 16. a3 a5 17. Nf3 Qd6 18. Qxb5 Rab8 19. Qe2 Qxg3 20. Nh2 Ne7 21. Rf3 Qg5 22. Raf1 Rb5 23. Ng4 Rf5 24. Ne5 Rxf3 25. Nxf3 Qd5 26. Ne5 c5 27. Qf2 f6 28. g4 cxd4 29. cxd4 Rd8 30. Nf3 Nc6 31. Re1 Rd6 32. Rc1 h6 33. Rc5 Qe4 34. Qg3 Nxd4 35. Rc8+ Kh7 36. Qxd6 Qe3+ 37. Kg2 Qe2+ 38. Kg3 Qxf3+ 39. Kh2 Qf2+ 40. Kh1 Qf1+ 41. Kh2 Qf2+ 42. Kh1 Ne2 43. Qd3+ f5 44. Qxe2 Qxe2 45. gxf5 exf5 46. b4 axb4 47. axb4 Qe1+ 48. Kh2 Qxb4 49. Kg3 f4+ 50. Kf3 Qb7+ 0-1

[Event "POR-ch Seniors"]
[Site "Torres Vedras"]
[Date "2014.01.15"]
[Round "6"]
[White "Antao, Jorge"]
[Black "Bray, Jose Manuel"]
[Result "1/2-1/2"]
[WhiteElo "1841"]
[BlackElo "1899"]
[PlyCount "90"]
[EventDate "2014.01.12"]
[EventType "swiss"]
[EventRounds "7"]
[EventCountry "POR"]
[SourceTitle "EXT 2015"]
[Source "ChessBase"]
[SourceDate "2014.11.20"]
[SourceVersion "1"]
[SourceVersionDate "2014.11.20"]
[SourceQuality "1"]

1. Nf3 Nf6 2. b3 b6 3. Bb2 Bb7 4. e3 c5 5. Be2 g6 6. 0-0 Bg7 7. d4 0-0 8. c4 cxd4 9. Bxd4 Nc6 10. Bb2 d6 11. Nc3 Ne4 12. Qc1 Nf6 13. Rd1 Qc8 14. Nd5 Nxd5 15. Bxg7 Kxg7 16. cxd5 Ne5 17. Qb2 f6 18. e4 Nxf3+ 19. Bxf3 Qd7 20. h3 h5 21. Rd3 Rac8 22. Rc1 Rxc1+ 23. Qxc1 Rc8 24. Rc3 Rxc3 25. Qxc3 Qc8 26. Qb2 a5 27. h4 Qc5 28. a3 Ba6 29. b4 axb4 30. axb4 Qc4 31. Kh2 e6 32. dxe6 Qxe6 33. Qd4 Qe5+ 34. Qxe5 dxe5 35. Bd1 Bd3 36. f3 Kf7 37. Ba4 Ke7 38. Kg3 Bc4 39. Kf2 Be6 40. Ke3 Bc4 41. g3 b5 42. Bd1 Be6 43. g4 Bf7 44. gxh5 gxh5 45. Be2 Be8 1/2-1/2

[Event "POR-ch Seniors"]
[Site "Torres Vedras"]
[Date "2014.01.14"]
[Round "4"]
[White "Ferreira, Victor Manuel"]
[Black "Antao, Jorge"]
[Result "1-0"]
[WhiteElo "2040"]
[BlackElo "1841"]
[PlyCount "93"]
[EventDate "2014.01.12"]
[EventType "swiss"]
[EventRounds "7"]
[EventCountry "POR"]
[SourceTitle "EXT 2015"]
[Source "ChessBase"]
[SourceDate "2014.11.20"]
[SourceVersion "1"]
[SourceVersionDate "2014.11.20"]
[SourceQuality "1"]

1. e4 d5 2. exd5 Nf6 3. Nf3 Nxd5 4. Bc4 Bg4 5. h3 Bh5 6. d4 e6 7. c3 Be7 8. 0-0 0-0 9. g4 Bg6 10. Ne5 Nd7 11. Nxg6 hxg6 12. Qf3 N7b6 13. Bb3 c6 14. c4 Nf6 15. Be3 Nh7 16. Nc3 Bg5 17. Ne4 Bxe3 18. Qxe3 Qh4 19. Qg3 Qxg3+ 20. fxg3 Rad8 21. Rad1 Rfe8 22. g5 Re7 23. h4 Na8 24. c5 Nc7 25. Nd6 Nd5 26. Rde1 Red7 27. Rf3 Rxd6 28. cxd6 Rxd6 29. Ref1 Rd7 30. a3 Re7 31. Kh2 Rd7 32. Kh3 Re7 33. Kg4 f5+ 34. gxf6 gxf6 35. Bxd5 exd5 36. Rxf6 Nxf6+ 37. Rxf6 Re4+ 38. Kg5 Rxd4 39. Rxg6+ Kf8 40. h5 Re4 41. h6 Re7 42. Kf6 d4 43. Rg4 c5 44. Rh4 d3 45. h7 Rf7+ 46. Ke5 Rxh7 47. Rxh7 1-0